| 000 | 00959nam a22002297a 4500 | ||
|---|---|---|---|
| 001 | 39429 | ||
| 003 | BD-RjUL | ||
| 005 | 20211209053005.0 | ||
| 008 | 160410b20072002bg a|||| |||| 00| 0 ben d | ||
| 020 |
_a9844460638 _c: Tk. 250.00 |
||
| 035 | _a(BD-RjUL)39542 | ||
| 040 |
_aBD-RjUL _bben _cBD-RjUL |
||
| 041 | _aben | ||
| 082 |
_223 _a954.025 _bSHB 2007 |
||
| 100 |
_aশাহনাওয়াজ, এ কে এম _9120311 |
||
| 245 | 1 | 0 |
_aভারত উপমহাদেশের ইতিহাস : _bমধ্যযুগ : মোগল পর্ব / _c এ কে এম শাহনাওয়াজ, |
| 260 |
_aঢাকা : _bপ্রতীক প্রকাশনা সংস্থা, _c২০০৭. |
||
| 300 |
_a[১২], ২৬১ পৃ. : _bচিত্র ; _c২২ সেমি. |
||
| 650 |
_aমোগল সম্রাজ্য - ইতিহাস. _9121676 |
||
| 650 |
_aMughal Empire -- History. _9121677 |
||
| 942 |
_2ddc _cBK |
||
| 999 |
_c39429 _d39429 |
||